| 000 | 00793nam a2200217Ii 4500 | ||
|---|---|---|---|
| 003 | JO-AjNU | ||
| 008 | 230605s9999||||xx |||||||||||||| ||und|| | ||
| 017 | _a2003/1/42 | ||
| 040 |
_aJO-AjNU _bara _erda _cJO-AjNU |
||
| 041 | _aara | ||
| 050 | 1 | 4 | _aPJ7852.A7684.K4 2003 |
| 100 | 3 |
_aتأليف ناصر، أمجد, _eauthor _948892 |
|
| 245 | 0 | 0 | _aخبط الأجنحة: سير وأدب رحلات |
| 264 | 3 | 1 | _aدمشق:للدراسات والنشر والتوزيع،2003 |
| 300 | _a253ص | ||
| 336 |
_atext _btxt _2rdacontent |
||
| 337 |
_aunmediated _bn _2rdamedia |
||
| 338 |
_avolume _bnc _2rdacarrier |
||
| 490 | 0 | _aسلسلة كتب شهرية تصدر عن وزارة الثقافة قصص 13 | |
| 650 | 4 |
_aالأدب العربي - تراجم - السيرة الذاتية _948893 |
|
| 999 |
_aA21441 _c25009 _d25009 |
||